La nomenklatura: los privilegiados en la U.R.S.S

Gespeichert in:
Bibliographische Detailangaben
1. Verfasser: Voslensky, Michael (VerfasserIn)
Format: Buch
Sprache:Spanisch
Veröffentlicht: Barcelona Argos Vergara 1982
Ausgabe:3a. ed
Schlagworte:
Tags: Tag hinzufügen
Keine Tags, Fügen Sie den ersten Tag hinzu!

MARC

LEADER 00000cam a2200000 a 4500
001 UCT5852
003 CL-VaPUC
008 961223e19820000SP |||||||||||||||||spa|d
020 |a 8471783312 
082 0 4 |a 320.5322  |b VOS  |2 21 
100 0 |a Voslensky, Michael  |e author  |9 375449 
245 1 3 |a La nomenklatura: los privilegiados en la U.R.S.S 
250 |a 3a. ed 
300 |a 397 p 
942 |c BK 
945 |d 19961223 00:00:00  |a nastorga 
260 |a Barcelona  |b Argos Vergara  |c 1982 
650 0 |a Sociedad  |9 307903 
650 7 |a DIRIGENTES  |2 CL-VaPUC  |9 374445 
650 0 |a Partidos políticos  |9 254999 
650 0 |a Clase obrera  |9 317035 
650 0 |a Socialismo  |9 255260 
650 0 |a Dictadura   |9 341206 
650 0 |a Poder político  |9 255509 
651 0 |a Unión Soviética  |9 256769 
583 |a last modification  |c 20160628 09:53:30  |k Rodrigo Vera 
999 |c 254649  |d 254647 
952 |0 0  |1 0  |4 0  |6 320_532200000000000_VOS_1982  |7 0  |8 A  |9 276467  |a BIBHIS  |b BIBHIS  |d 2019-11-19  |i 3263061  |o 320.5322 VOS 1982  |p 3263061  |r 2025-01-20  |w 2019-11-19  |y BK  |k HIS 
952 |0 0  |1 0  |4 0  |6 320_532200000000000_VOS_1982  |7 0  |8 A  |9 276468  |a BIBHIS  |b BIBHIS  |d 2019-11-19  |i 138483K  |o 320.5322 VOS 1982  |p 138483K  |r 2025-01-20  |w 2019-11-19  |y BK  |k HIS 
952 |0 0  |1 0  |4 0  |6 320_532200000000000_VOS_1982  |7 0  |8 A  |9 276469  |a BIBHIS  |b BIBHIS  |d 2019-11-19  |i 1384848  |o 320.5322 VOS 1982  |p 1384848  |r 2025-01-20  |w 2019-11-19  |y BK  |k HIS 
952 |0 0  |1 0  |4 0  |6 320_532200000000000_VOS_1982  |7 0  |8 A  |9 276470  |a BIBDER  |b BIBDER  |d 2019-11-19  |i 3964183  |o 320.5322 VOS 1982  |p 3964183  |r 2023-01-25  |w 2019-11-19  |y BK  |k DER 
952 |0 0  |1 0  |4 0  |6 320_532200000000000_VOS_1982  |7 0  |8 X  |9 276471  |a FDOBUD  |b FDOBUD  |d 2019-11-19  |i 4555406  |o 320.5322 VOS 1982  |p 4555406  |r 2019-11-19  |w 2019-11-19  |y BK_X  |k BUD 
952 |0 0  |1 0  |3 erb  |4 0  |6 320_532200000000000_VOS_1982  |7 0  |8 A  |9 276472  |a FDOHBE  |b FDOHBE  |e Huesbe Llanos, Marco Antonio, 1934-  |i 5308798  |o 320.5322 VOS 1982  |p 5308798  |r 2024-01-30  |w 2019-11-19  |y BK  |z Catalogado en:20160701  |k HBE 
952 |0 0  |1 0  |3 erb  |4 0  |6 320_532200000000000_VOS_1982  |7 0  |8 A  |9 276473  |a FDOHBE  |b FDOHBE  |e Huesbe Llanos, Marco Antonio, 1934-  |i 5306825  |o 320.5322 VOS 1982  |p 5306825  |r 2024-01-30  |w 2019-11-19  |y BK  |z Catalogado en:20160717  |k HBE